[Event "Sitges Sunway op-B 5th"]
[Site "Sitges"]
[Date "2018.12.18"]
[Round "5"]
[White "Gonzalez Pabollet, Jesus Maria"]
[Black "Pedashenko, Anatoly"]
[Result "0-1"]
[WhiteElo "1815"]
[BlackElo "1985"]
[PlyCount "46"]
[EventDate "2018.12.14"]
[EventType "swiss"]
[EventRounds "10"]
[EventCountry "ESP"]
[SourceTitle "CBM 187 Extra"]
[Source "ChessBase"]
[SourceDate "2018.11.04"]
[SourceVersion "1"]
[SourceVersionDate "2018.11.04"]
[SourceQuality "1"]

1. Nf3 d5 2. g3 Nf6 3. Bg2 Bg4 4. c4 c6 5. cxd5 cxd5 6. Nc3 Nc6 7. d4 Qb6 8. 0-0 e6 9. e3 Bd6 10. h3 Bh5 11. a3 Rc8 12. Qd3 0-0 13. Qb5 Qc7 14. Bd2 a6 15. Qa4 Nd7 16. b4 Nb6 17. Qb3 Nc4 18. Ra2 Nxd2 19. Rxd2 Nxd4 20. Rxd4 Qxc3 21. Qa4 Bxg3 22. Ne1 Be2 23. fxg3 Qxe3+ 0-1

[Event "Teberda op 07"]
[Site "Teberda"]
[Date "2014.07.31"]
[Round "9"]
[White "Pedashenko, Anatoly"]
[Black "Bubnov, Kirill"]
[Result "1-0"]
[WhiteElo "2047"]
[BlackElo "1844"]
[PlyCount "24"]
[EventDate "2014.07.24"]
[EventType "swiss"]
[EventRounds "9"]
[EventCountry "RUS"]
[SourceTitle "EXT 2022"]
[Source "ChessBase"]
[SourceDate "2021.10.06"]
[SourceVersion "1"]
[SourceVersionDate "2021.10.06"]
[SourceQuality "1"]

1. e4 e6 2. d4 d5 3. Nc3 Bb4 4. e5 c5 5. a3 Bxc3+ 6. bxc3 Qa5 7. Bd2 Qa4 8. Qg4 g6 9. c4 Nc6 10. c3 cxd4 11. cxd4 dxc4 12. Ne2 c3 1-0

[Event "Teberda op 07"]
[Site "Teberda"]
[Date "2014.07.29"]
[Round "7"]
[White "Pedashenko, Anatoly"]
[Black "Soboleva, Anastasia"]
[Result "1-0"]
[WhiteElo "2047"]
[BlackElo "1958"]
[PlyCount "61"]
[EventDate "2014.07.24"]
[EventType "swiss"]
[EventRounds "9"]
[EventCountry "RUS"]
[SourceTitle "EXT 2022"]
[Source "ChessBase"]
[SourceDate "2021.10.06"]
[SourceVersion "1"]
[SourceVersionDate "2021.10.06"]
[SourceQuality "1"]

1. e4 c5 2. Nf3 g6 3. d4 cxd4 4. Qxd4 Nf6 5. e5 Nc6 6. Qh4 Nxe5 7. Nxe5 Qa5+ 8. Nc3 Qxe5+ 9. Be3 Bg7 10. 0-0-0 0-0 11. Bc4 d6 12. Rhe1 Qh5 13. Qxh5 gxh5 14. Bg5 Bf5 15. Rxe7 b6 16. Rxd6 Ng4 17. f3 Ne5 18. Bb3 Ng6 19. Re1 Rac8 20. Nd5 Rc5 21. Nf6+ Kh8 22. Be3 Rc7 23. Nxh5 Rfc8 24. c3 Be5 25. Bd4 Re7 26. Rxe5 Nxe5 27. f4 Bg6 28. Ng3 Kg8 29. Bxe5 Rce8 30. Kd2 Rc7 31. Rxg6+ 1-0

[Event "Teberda op 07"]
[Site "Teberda"]
[Date "2014.07.28"]
[Round "6"]
[White "Bychenkova, Angelina"]
[Black "Pedashenko, Anatoly"]
[Result "0-1"]
[WhiteElo "1625"]
[BlackElo "2047"]
[PlyCount "50"]
[EventDate "2014.07.24"]
[EventType "swiss"]
[EventRounds "9"]
[EventCountry "RUS"]
[SourceTitle "EXT 2022"]
[Source "ChessBase"]
[SourceDate "2021.10.06"]
[SourceVersion "1"]
[SourceVersionDate "2021.10.06"]
[SourceQuality "1"]

1. d4 Nf6 2. Nf3 d5 3. Bf4 g6 4. h3 Bg7 5. e3 0-0 6. c4 c5 7. Nc3 cxd4 8. Nxd4 Ne4 9. Nxe4 dxe4 10. Bg3 Qb6 11. Qd2 Rd8 12. Bxb8 Rxb8 13. Qc2 Bxd4 14. exd4 Rxd4 15. Be2 Bf5 16. Qc1 Rbd8 17. 0-0 Rd2 18. Qe1 Qxb2 19. Rb1 Qxa2 20. Rxb7 Rxe2 21. Qc1 e3 22. Kh2 Be4 23. Rxe7 Bxg2 24. Kxg2 Rxf2+ 25. Rxf2 Qxf2+ 0-1

[Event "Teberda op 07"]
[Site "Teberda"]
[Date "2014.07.27"]
[Round "3"]
[White "Oguzov, Shamil"]
[Black "Pedashenko, Anatoly"]
[Result "1-0"]
[WhiteElo "2053"]
[BlackElo "2047"]
[PlyCount "117"]
[EventDate "2014.07.24"]
[EventType "swiss"]
[EventRounds "9"]
[EventCountry "RUS"]
[SourceTitle "EXT 2022"]
[Source "ChessBase"]
[SourceDate "2021.10.06"]
[SourceVersion "1"]
[SourceVersionDate "2021.10.06"]
[SourceQuality "1"]

1. e4 c5 2. Nf3 Nc6 3. Nc3 g6 4. d4 cxd4 5. Nxd4 Bg7 6. Be3 d6 7. Qd2 Nf6 8. f3 Nxd4 9. Bxd4 a6 10. Nd5 0-0 11. Nb6 Rb8 12. 0-0-0 Qc7 13. Kb1 Rd8 14. g4 e5 15. g5 exd4 16. gxf6 Qxb6 17. fxg7 Kxg7 18. h4 h5 19. Be2 d5 20. e5 Bf5 21. Bd3 Bxd3 22. Qxd3 Rbc8 23. Qxd4 Qe6 24. b3 Qf5 25. Rh2 Rc7 26. f4 Kg8 27. Rdd2 Rc6 28. Rde2 b5 29. Rd2 a5 30. Qa7 a4 31. Qb7 Rc5 32. Rhe2 Rd7 33. Qb6 Rdc7 34. e6 fxe6 35. Qxe6+ Qxe6 36. Rxe6 Kf7 37. Rd6 a3 38. R6xd5 b4 39. Rxc5 Rxc5 40. Rd4 Rb5 41. c3 bxc3 42. Kc2 Ke6 43. Kxc3 Kf5 44. Kc4 Rb8 45. Rd5+ Kxf4 46. Rg5 Rb6 47. b4 Re6 48. b5 Re2 49. Kb3 Re3+ 50. Kb4 Re4+ 51. Kxa3 Ke3 52. Rxg6 Rxh4 53. b6 Rf4 54. Rh6 Kd4 55. Kb4 Kd5+ 56. Kb5 h4 57. b7 Rf2 58. Rxh4 Rf8 59. Kb6 1-0

[Event "Teberda op 07"]
[Site "Teberda"]
[Date "2014.07.25"]
[Round "2"]
[White "Skripnikov, Velori"]
[Black "Pedashenko, Anatoly"]
[Result "0-1"]
[WhiteElo "1773"]
[BlackElo "2047"]
[PlyCount "78"]
[EventDate "2014.07.24"]
[EventType "swiss"]
[EventRounds "9"]
[EventCountry "RUS"]
[SourceTitle "EXT 2022"]
[Source "ChessBase"]
[SourceDate "2021.10.06"]
[SourceVersion "1"]
[SourceVersionDate "2021.10.06"]
[SourceQuality "1"]

1. e4 c5 2. Nc3 Nc6 3. g3 g6 4. Bg2 Bg7 5. f4 d6 6. d3 Nf6 7. Nge2 0-0 8. 0-0 Qb6 9. f5 e6 10. fxe6 Bxe6 11. Nd5 Bxd5 12. exd5 c4+ 13. Kh1 cxd3 14. Qxd3 Nb4 15. Qb3 Rfe8 16. Bf3 Nbxd5 17. Bxd5 Nxd5 18. Qxd5 Rxe2 19. Qxf7+ Kh8 20. Bg5 Rxc2 21. Rae1 Rf8 22. Qd5 Qxb2 23. Rxf8+ Bxf8 24. Rf1 Bg7 25. Be3 Rxh2+ 26. Kg1 Rh5 27. Qg2 Qxg2+ 28. Kxg2 Ra5 29. Rf2 Be5 30. Bh6 Bg7 31. Bf4 d5 32. Rc2 Kg8 33. Rc8+ Kf7 34. Rc7+ Kf6 35. Rxb7 Rxa2+ 36. Kh3 d4 37. Rd7 h5 38. Bc7 g5 39. Rxd4 g4+ 0-1

[Event "Stavropol op"]
[Site "Stavropol"]
[Date "2014.03.25"]
[Round "4"]
[White "Pedashenko, Anatoly"]
[Black "Tekeyev, Zaur"]
[Result "1/2-1/2"]
[WhiteElo "2057"]
[BlackElo "2306"]
[PlyCount "91"]
[EventDate "2014.03.21"]
[EventType "swiss"]
[EventRounds "9"]
[EventCountry "RUS"]
[SourceTitle "EXT 2015"]
[Source "ChessBase"]
[SourceDate "2014.11.20"]
[SourceVersion "1"]
[SourceVersionDate "2014.11.20"]
[SourceQuality "1"]

1. e4 c5 2. Nf3 Nc6 3. Nc3 e6 4. Bc4 a6 5. a4 Nf6 6. Qe2 Qc7 7. d3 Bd6 8. Bg5 b6 9. Rd1 Bb7 10. h3 Rc8 11. 0-0 Nd4 12. Qd2 Nxf3+ 13. gxf3 Nh5 14. Ne2 f5 15. Kg2 f4 16. d4 cxd4 17. Nxd4 Qc5 18. Bh4 g5 19. Bxe6 dxe6 20. Nxe6 Qe5 21. Qxd6 Qxd6 22. Rxd6 gxh4 23. Rxb6 Rg8+ 24. Kh2 Rg6 25. Rg1 Rxc2 26. Rxg6 hxg6 27. Rxb7 Rxf2+ 28. Kg1 Rxf3 29. Nc7+ Kd7 30. Nxa6+ Kc6 31. Rb5 Ng3 32. Nb4+ Kc7 33. Kg2 Rf1 34. Nd5+ Kd6 35. Rb3 Ra1 36. Ra3 Rb1 37. Nxf4 Rxb2+ 38. Kf3 g5 39. Nd3 Rb8 40. a5 Rf8+ 41. Ke3 Nf1+ 42. Ke2 Ng3+ 43. Ke3 Nf1+ 44. Ke2 Ng3+ 45. Ke3 Nf1+ 46. Ke2 1/2-1/2

[Event "Teberda op"]
[Site "Teberda"]
[Date "2014.01.26"]
[Round "9"]
[White "Pedashenko, Anatoly"]
[Black "Kleimenov, Ivan"]
[Result "1-0"]
[WhiteElo "2059"]
[BlackElo "1532"]
[PlyCount "65"]
[EventDate "2014.01.18"]
[EventType "swiss"]
[EventRounds "9"]
[EventCountry "RUS"]
[SourceTitle "EXT 2018"]
[Source "ChessBase"]
[SourceDate "2017.10.13"]
[SourceVersion "1"]
[SourceVersionDate "2017.10.13"]
[SourceQuality "1"]

1. e4 d5 2. exd5 Qxd5 3. Nc3 Qa5 4. d4 Nf6 5. Bc4 c6 6. Nge2 Bf5 7. Bd2 e6 8. Nd5 Qd8 9. Ne3 Bg6 10. Bb3 Nbd7 11. c4 Nb6 12. Ba5 Qd7 13. Nf4 Nc8 14. d5 exd5 15. cxd5 Bc5 16. dxc6 bxc6 17. Qxd7+ Nxd7 18. Nxg6 hxg6 19. Ba4 Ne7 20. Rc1 Bxe3 21. fxe3 Ne5 22. 0-0 Rh4 23. b3 Kf8 24. Rfd1 Re4 25. Rd4 Rxe3 26. Bb4 Rc8 27. Rcd1 f6 28. Kf2 Ng4+ 29. Rxg4 Re5 30. Bd6 Rf5+ 31. Kg1 g5 32. Re4 Re5 33. Bxe5 1-0

[Event "Teberda op"]
[Site "Teberda"]
[Date "2014.01.20"]
[Round "3"]
[White "Sakhvadze, Georgy"]
[Black "Pedashenko, Anatoly"]
[Result "1/2-1/2"]
[WhiteElo "2118"]
[BlackElo "2059"]
[PlyCount "124"]
[EventDate "2014.01.18"]
[EventType "swiss"]
[EventRounds "9"]
[EventCountry "RUS"]
[SourceTitle "EXT 2018"]
[Source "ChessBase"]
[SourceDate "2017.10.13"]
[SourceVersion "1"]
[SourceVersionDate "2017.10.13"]
[SourceQuality "1"]

1. Nf3 d5 2. g3 g6 3. Bg2 Bg7 4. 0-0 e5 5. d3 Ne7 6. e4 c6 7. Re1 Nd7 8. exd5 cxd5 9. c4 d4 10. Qe2 Nc6 11. Nxe5 Ndxe5 12. f4 0-0 13. fxe5 Nxe5 14. Bf4 Re8 15. Na3 Bg4 16. Qf1 Qd7 17. Bxe5 Rxe5 18. Rxe5 Bxe5 19. Re1 Bg7 20. Qf4 Bf5 21. Be4 Re8 22. Nc2 Bh3 23. Bd5 Bf5 24. Qf3 Rxe1+ 25. Nxe1 Qe7 26. Nc2 b6 27. Kf2 h5 28. Qe2 Qf6 29. Kg2 Kh7 30. Be4 Be6 31. Qxh5+ Kg8 32. Qf3 Qg5 33. Qf4 Qh5 34. Bf3 Qh3+ 35. Kg1 Bf5 36. Be2 Bc8 37. Nb4 Qe6 38. Qe4 Qxe4 39. dxe4 f5 40. Bd3 fxe4 41. Bxe4 Kf7 42. Kf2 Bg4 43. Ke1 a5 44. Nd5 d3 45. Bxd3 Bxb2 46. Nxb6 Bc3+ 47. Kf1 g5 48. Be4 Ke6 49. h4 gxh4 50. gxh4 Bf6 51. c5 Bxh4 52. c6 Ke5 53. Bg2 Bd8 54. Nc4+ Kd4 55. Nd6 Kc3 56. Bd5 Kb4 57. Ne8 Kc5 58. c7 Bxc7 59. Nxc7 Kd6 60. Ne8+ Kxd5 61. Nf6+ Kc4 62. Nxg4 Kb4 1/2-1/2

[Event "RUS Cup op"]
[Site "Dombai"]
[Date "2013.10.25"]
[Round "8"]
[White "Bykov, Egor"]
[Black "Pedashenko, Anatoly"]
[Result "1-0"]
[WhiteElo "2060"]
[BlackElo "2065"]
[PlyCount "73"]
[EventDate "2013.10.18"]
[EventType "swiss"]
[EventRounds "9"]
[EventCountry "RUS"]
[SourceTitle "EXT 2015"]
[Source "ChessBase"]
[SourceDate "2014.11.20"]
[SourceVersion "1"]
[SourceVersionDate "2014.11.20"]
[SourceQuality "1"]

1. d4 e6 2. Nf3 b6 3. Bf4 Bb7 4. e3 Nf6 5. Nbd2 c5 6. c3 Be7 7. h3 0-0 8. Bd3 d5 9. 0-0 Nbd7 10. a4 Ne4 11. a5 f5 12. Ne5 Bf6 13. a6 Bc8 14. Nc6 Qe8 15. Bb5 Nxd2 16. Qxd2 Qh5 17. Bd6 Rf7 18. Ne5 Bxe5 19. dxe5 Nb8 20. Be8 Bd7 21. Bxf7+ Kxf7 22. Bxb8 Rxb8 23. c4 Bc6 24. cxd5 exd5 25. b4 g5 26. bxc5 g4 27. hxg4 fxg4 28. cxb6 d4 29. Qxd4 Bxg2 30. Kxg2 Qh3+ 31. Kg1 Rxb6 32. Qf4+ Ke7 33. Qg5+ Kf7 34. Qf5+ Kg7 35. Rfc1 Rg6 36. Rc7+ Kh6 37. Qf8+ 1-0

[Event "RUS-ch U16"]
[Site "Dagomys"]
[Date "2004.04.??"]
[Round "?"]
[White "Pedashenko, Anatoly"]
[Black "Pankov, German"]
[Result "0-1"]
[WhiteElo "2096"]
[BlackElo "2250"]
[PlyCount "50"]
[EventDate "2004.04.??"]
[EventType "swiss"]
[EventRounds "10"]
[EventCountry "RUS"]
[SourceTitle "EXT 2005"]
[Source "ChessBase"]
[SourceDate "2004.11.15"]
[SourceVersion "1"]
[SourceVersionDate "2004.11.15"]
[SourceQuality "1"]

1. e4 c5 2. Nf3 e6 3. d4 cxd4 4. Nxd4 Nf6 5. Nc3 Nc6 6. Be3 Bb4 7. Nxc6 bxc6 8. Bd3 d5 9. e5 d4 10. Bd2 Nd7 11. Ne2 Bxd2+ 12. Qxd2 Nxe5 13. Be4 f5 14. Bf3 Nxf3+ 15. gxf3 c5 16. 0-0-0 e5 17. Rhg1 Qe7 18. c3 0-0 19. f4 Ba6 20. fxe5 Qxe5 21. Ng3 f4 22. Rde1 Qd5 23. Ne4 Qxa2 24. Nxc5 d3 25. Nxd3 Rad8 0-1